[Event "World Youth U18"]
[Site "Antalya TUR"]
[Date "2009.11.16"]
[Round "6"]
[White "Kleijn,C"]
[Black "Janev,P"]
[Result "1-0"]
[WhiteElo "2383"]
[BlackElo "1990"]

1.e4 c5 2.Nf3 Nc6 3.Nc3 d6 4.d4 cxd4 5.Nxd4 e5 6.Nde2 Be7 7.g3 Be6 8.Bg2 h5
9.h3 Qd7 10.Nd5 Rc8 11.Be3 Nf6 12.f4 exf4 13.Nexf4 Ne5 14.O-O b5 15.c3 Nc4
16.Bd4 Nxb2 17.Qe2 Nc4 18.Nxe7 Qxe7 19.a4 bxa4 20.Rxa4 a5 21.Rb1 Ne5 22.Rxa5 Bc4
23.Qd1 Nfd7 24.Rb7 Rd8 25.Raa7 Qg5 26.Qa4 O-O 27.Rxd7 Nxd7 28.Qxc4 Ne5 29.Qf1 g6
30.Kh2 Rb8 31.Nd5 h4 32.Qf4 hxg3+ 33.Qxg3 Qxg3+ 34.Kxg3 Rb2 35.Ne7+ Kg7 36.Rd7 Ra8
37.Rxd6 f6 38.Nd5 Raa2 39.Bf1  1-0

[Event "World Youth U18"]
[Site "Antalya TUR"]
[Date "2009.11.19"]
[Round "8"]
[White "Recuero Guerra,D"]
[Black "Baron,Ta"]
[Result "1/2-1/2"]
[WhiteElo "2494"]
[BlackElo "2404"]

1.e4 c5 2.Nf3 Nc6 3.Nc3 d6 4.d4 cxd4 5.Nxd4 e5 6.Nf3 Be6 7.Ng5 Nf6 8.Nxe6 fxe6
9.g3 Be7 10.Bh3 Qd7 11.Nd5 O-O 12.Nxf6+ Rxf6 13.c3 Raf8 14.O-O Bd8 15.Be3 Bb6
16.Bxb6 axb6 17.Qb3 Na5 18.Qb4 Qf7 19.Qxd6 Nc4 20.Qd3 b5 21.b3 Rf3 22.Qd1 Na5
23.Qd6 Kh8 24.Rad1 Nc6 25.Bxe6 Qf6 26.Bd7 Rxc3 27.Qxf6 gxf6 28.Bxc6 bxc6
29.Rd7 Kg8 30.Rfd1 Rf7 31.Rd8+ Kg7 32.Ra8 Rc2 33.a4 bxa4 34.Rxa4 Rb7 35.Rc4 Rxc4
36.bxc4 Rb4 37.Rc1 Kf7 38.Rc2 Ke6 39.f3 f5 40.exf5+ Kxf5 41.Kf2 h5 42.Kg2 e4
43.fxe4+ Kxe4 44.c5 Kf5 45.Kh3 Rd4 46.Rf2+ Kg5 47.Rf4 Rd5 48.Rc4 Rd7 49.Rc3 Re7
50.Rc4 Rd7  1/2-1/2

[Event "World Youth U18"]
[Site "Antalya TUR"]
[Date "2009.11.21"]
[Round "10"]
[White "Vastrukhin,O"]
[Black "Sanchez Maya,S"]
[Result "1-0"]
[WhiteElo "2312"]
[BlackElo "2194"]

1.e4 c5 2.Nc3 Nc6 3.Nge2 g6 4.d3 Bg7 5.Be3 d6 6.Qd2 e6 7.g3 Qa5 8.Bg2 Nd4
9.O-O Ne7 10.Nxd4 cxd4 11.Ne2 Qxd2 12.Bxd2 Bd7 13.Bb4 Nc8 14.f4 a5 15.Be1 Ne7
16.Bf2 Nc6 17.c3 dxc3 18.bxc3 b5 19.d4 O-O 20.Rfd1 Ne7 21.Rac1 Rfc8 22.g4 Rab8
23.Bh4 Kf8 24.e5 d5 25.Bf6 Rc4 26.Rd3 b4 27.cxb4 axb4 28.Rd2 Bb5 29.Rb1 Nc6
30.Rbd1 Na5 31.Rf1 Ra8 32.Re1 Rac8 33.Rb1 Bh6 34.g5 Bg7 35.Bf1 Bxf6 36.gxf6 Rb8
37.Kf2 Ba4 38.h4 Ke8 39.h5 Bd7 40.hxg6 hxg6 41.Bg2 Rc7 42.Rdb2 Rcb7 43.Rh1  1-0

[Event "IV Open"]
[Site "Palma ESP"]
[Date "2009.11.21"]
[Round "1"]
[White "Roy Chowdhury,S"]
[Black "Aguilo Pons,F"]
[Result "1-0"]
[WhiteElo "2427"]
[BlackElo "1867"]

1.e4 c5 2.Nc3 Nc6 3.Nf3 d6 4.d4 cxd4 5.Nxd4 Nf6 6.Bb5 Bd7 7.O-O a6 8.Bxc6 Bxc6
9.Bg5 Nxe4 10.Nxc6 Nxc3 11.Qf3 Qc7 12.Nxe7 f6 13.Nf5 O-O-O 14.Be3 Na4 15.b3 Nb6
16.Bxb6 Qxb6 17.Ne3 Qc6 18.Nd5 g6 19.Qxf6 Rg8 20.Qe6+  1-0

[Event "IV Open"]
[Site "Palma ESP"]
[Date "2009.11.21"]
[Round "1"]
[White "Sengupta,D"]
[Black "Durandeau,J"]
[Result "1-0"]
[WhiteElo "2488"]
[BlackElo "2049"]

1.e4 c5 2.Nf3 Nc6 3.Nc3 Nf6 4.d4 cxd4 5.Nxd4 e5 6.Ndb5 d6 7.Nd5 Nxd5 8.exd5 Ne7
9.c4 Nf5 10.Bd3 g6 11.O-O a6 12.Nc3 Bg7 13.Rb1 O-O 14.b4 Nd4 15.Be3 Nf5 16.Bd2 Nd4
17.f3 f5 18.c5 Qh4 19.Rf2 g5 20.Na4 dxc5 21.Nb6 Rb8 22.bxc5 Nxf3+ 23.Rxf3 g4
24.Be1 Qh6 25.Rf1 e4 26.Bc4 Be5 27.g3 f4 28.d6+ Kh8 29.Qd5  1-0

[Event "IV Open"]
[Site "Palma ESP"]
[Date "2009.11.23"]
[Round "4"]
[White "Zdebskaja,N"]
[Black "Pizarro Segura,E"]
[Result "1-0"]
[WhiteElo "2408"]
[BlackElo "2134"]

1.e4 c5 2.Nf3 Nc6 3.Nc3 d6 4.d4 cxd4 5.Nxd4 e5 6.Nf5 Nf6 7.Bg5 Bxf5 8.Bxf6 Qxf6
9.Nd5 Qd8 10.exf5 Rc8 11.c3 Qg5 12.Qf3 h5 13.h4 Qd8 14.Bd3 Rh6 15.g3 a6 16.Be4 Be7
17.O-O Na5 18.b3 Nc6 19.Rad1 Kf8 20.Rd2 Qa5 21.Rfd1 Rd8 22.b4 Qa4 23.Qe3 Qb5
24.Bc2 Qc4 25.f3  1-0

[Event "ch-RSA"]
[Site "Cape Town RSA"]
[Date "2009.11.27"]
[Round "1"]
[White "Kobese,W"]
[Black "Van der Nat,N"]
[Result "0-1"]
[WhiteElo "2385"]
[BlackElo "2272"]

1.e4 c5 2.Nf3 Nc6 3.Nc3 g6 4.d4 cxd4 5.Nxd4 Bg7 6.Be3 Nf6 7.Bc4 Qa5 8.O-O O-O
9.Bb3 d6 10.h3 Bd7 11.f4 Nxd4 12.Bxd4 Bc6 13.Qd3 Nh5 14.Bxg7 Kxg7 15.Rae1 Qc5+
16.Kh2 Rad8 17.Qe2 b5 18.a4 b4 19.Nb1 Nf6 20.Nd2 Qd4 21.Rf3 Nd7 22.c3 bxc3
23.Rxc3 Nc5 24.Rc4 Qxb2 25.Bc2 Qb7 26.e5 Bd5 27.Rc3 Qb4 28.Qe3 Ne6 29.f5 Qf4+
30.Qxf4 Nxf4 31.f6+ exf6 32.exf6+ Kh6 33.g3 Rc8 34.Rxc8 Rxc8 35.Bb1 Nh5 36.Rf1 Re8
37.Rf2 Re1 38.Nf1 Rxb1 39.g4 Nf4 40.h4 g5 41.h5 Be6 42.Ne3 Re1 43.Rf3 d5
44.Kg3 Re2  0-1

[Event "1st Thanksgiving Open"]
[Site "Stillwater USA"]
[Date "2009.11.27"]
[Round "2"]
[White "Whitcomb,B"]
[Black "Ballard,C"]
[Result "0-1"]
[WhiteElo "2023"]
[BlackElo "2018"]

1.e4 c5 2.Nc3 Nc6 3.Bb5 e5 4.Bxc6 dxc6 5.Nf3 Qf6 6.d3 Bg4 7.Be3 Ne7 8.Bxc5 Ng6
9.Bxf8 Nh4 10.Bxg7 Nxg2+ 11.Kf1 Qxg7 12.h3 Bh5 13.Rg1 Qf6 14.Kxg2 O-O-O 15.Kf1 Bxf3
16.Qd2 Rhg8 17.Ne2 Rxg1+ 18.Nxg1 Rg8 19.Nxf3 Qxf3 20.Qd1 Qxh3+ 21.Ke2 Rg2
22.Qf1 Qg4+ 23.Ke3 h5 24.Re1 h4 25.Kd2 Qf4+ 26.Kc3 Rxf2 27.Qh3+ Kc7 28.Qe3 h3
29.Qxf4 exf4 30.Rh1 h2 31.Kd4 Rg2  0-1

[Event "Vasylyshyn Mem"]
[Site "Lviv UKR"]
[Date "2009.11.28"]
[Round "4"]
[White "Onischuk,V"]
[Black "Vovk,Y"]
[Result "1/2-1/2"]
[WhiteElo "2483"]
[BlackElo "2546"]

1.e4 c5 2.Nf3 Nc6 3.Nc3 d6 4.d4 cxd4 5.Nxd4 Nf6 6.Be2 e5 7.Nb3 Be7 8.O-O O-O
9.Be3 Be6 10.Bf3 a5 11.Nd5 a4 12.Nd2 Bxd5 13.exd5 Nd4 14.Bxd4 exd4 15.Ne4 Qb6
16.Nxf6+ Bxf6 17.Rb1 Rfe8 18.Qd3 Qc5 19.Be4 g6 20.Qf3 Bg7 21.Bd3 Re5 22.b3 a3
23.b4 Qc3 24.g3 h5 25.h4 Bh6 26.Kg2 Qc7 27.Kh2 Kg7 28.Qg2 f5 29.f4 Re3 30.Qd2 Qe7
31.Qf2 Kh7 32.Rfe1 Re8 33.Rf1 Bg7 34.Rb3 Ra8 35.Rd1 Bf6 36.Rd2 Kh6 37.Re2 Re8
38.Rxe3 dxe3 39.Qe2 Ra8 40.Kg2 Bd4 41.c3 Bb6 42.Bc2 Rc8 43.Kf3 Qf7 44.c4 Qf6
45.Kg2 Qa1 46.Bd3 Ra8 47.Rb1 Qc3 48.Kh3 Bd4 49.Qd1 Re8 50.Qe2 b6 51.Kg2 Bf6
52.b5 Qd4 53.Rf1 Qb2 54.Rb1 Qc3 55.Rd1 Bd4 56.Rb1 Ra8 57.Kf3 Ra4 58.Rb3 Qa5
59.Qd1 Rb4 60.Rxb4 Qxb4 61.Qe2 Qc3 62.Bc2 Qa1 63.Qd1 Qb2 64.Qb1 Qc3 65.Bd3 e2
66.Kxe2 Bc5 67.Kf3 Qd2 68.Qc2 Qe3+ 69.Kg2 Qg1+ 70.Kf3 Qh1+ 71.Qg2 Qa1 72.Qe2 Bd4
73.Qc2 Qg1 74.Qe2 Bb2 75.Qf1 Qxf1+ 76.Bxf1 Bd4  1/2-1/2

[Event "ch-CXG IRT JC Ferreira"]
[Site "Rio de Janeiro BRA"]
[Date "2009.11.28"]
[Round "3"]
[White "Santos Filho,T"]
[Black "Von Buelow,G"]
[Result "1/2-1/2"]
[WhiteElo "2116"]
[BlackElo "2404"]

1.e4 c5 2.Nc3 Nc6 3.Bb5 Nd4 4.Bc4 e6 5.Nge2 Nf6 6.O-O a6 7.d3 b5 8.Bb3 Nxb3
9.axb3 Bb7 10.f4 d6 11.Qe1 Be7 12.Qg3 O-O 13.Nd1 c4 14.bxc4 bxc4 15.Bd2 g6
16.f5 cxd3 17.cxd3 e5 18.Bh6 Re8 19.fxg6 fxg6 20.Ne3 Qd7 21.Rf3  1/2-1/2

[Event "2nd Dragon Capital"]
[Site "Ho Chi Minh City VIE"]
[Date "2009.12.03"]
[Round "1"]
[White "Otte,Mari"]
[Black "Tong Thai Hung"]
[Result "1-0"]
[WhiteElo "2298"]
[BlackElo "2176"]

1.e4 c5 2.Nf3 Nc6 3.Nc3 d6 4.d4 cxd4 5.Nxd4 Nf6 6.Bg5 Bd7 7.Qd2 Rc8 8.Nxc6 bxc6
9.O-O-O h6 10.Bxf6 gxf6 11.Bc4 Bg7 12.f4 Rb8 13.f5 h5 14.Kb1 Qb6 15.Bb3 Bh6
16.Qe2 Bf4 17.Qc4 Rh7 18.Ne2 Be5 19.Nc1 Bc8 20.Qe2 a5 21.c3 Ba6 22.Qc2 h4
23.Nd3 Bxd3 24.Rxd3 Kd7 25.Qd2 Rg8 26.Bd1 Rhg7 27.Bf3 Bxh2 28.c4 Bg3 29.Rb3 Qa7
30.c5 a4 31.Rb4 Rb8 32.cxd6 exd6 33.e5 Bxe5 34.Rxb8 Qxb8 35.Rxh4 Qa7 36.Rc4 d5
37.a3 Rh7 38.Ka2 Qa6 39.Rb4 Bd6 40.Rg4 Rh1 41.Qc2 Qf1 42.Rxa4 Qa1+ 43.Kb3 Re1
44.Ra7+ Bc7 45.Bxd5 Re3+ 46.Ka4 Rxa3+ 47.bxa3 Qd4+ 48.Kb3 Qxa7 49.Qxc6+ Ke7
50.Kc4 Bd6 51.a4 Qf2 52.a5 Qa2+ 53.Kb5 Qe2+ 54.Bc4 Qb2+ 55.Ka6 Qb4 56.Qb7+ Kd8
57.Qxb4 Bxb4 58.Kb6 Ke7 59.a6 Bd2 60.a7 Be3+ 61.Kb7 Bxa7 62.Kxa7  1-0

[Event "2nd Dragon Capital"]
[Site "Ho Chi Minh City VIE"]
[Date "2009.12.03"]
[Round "2"]
[White "Fernandez,Dan SIN"]
[Black "Tong Thai Hung"]
[Result "1-0"]
[WhiteElo "2200"]
[BlackElo "2176"]

1.e4 c5 2.Nf3 Nc6 3.Nc3 Nf6 4.d4 cxd4 5.Nxd4 d6 6.Bc4 Bd7 7.Nxc6 bxc6 8.Bf4 e5
9.Be3 Be7 10.O-O O-O 11.h3 Be6 12.Bxe6 fxe6 13.Qd3 d5 14.Bg5 Qb6 15.b3 Rae8
16.Na4 Qc7 17.f3 Nh5 18.Be3 Rf6 19.Rfe1 Rg6 20.exd5 exd5 21.Re2 Bd6 22.g4 Ng3
23.Rg2 e4 24.fxe4 Rge6 25.Nc5 Bxc5 26.Bxc5 Nxe4 27.Bd4 Qe7 28.c4 dxc4 29.Qxc4 Ng5
30.Qc3 Rh6 31.Rg3 Re6 32.Qc4 Kh8 33.Rf1 h6 34.a4 Qc7 35.Kg2 c5 36.Qxc5 Re2+
37.Rf2 Qb7+ 38.Kh2 Nf3+ 39.Rxf3 Qxf3 40.b4 Qf4+ 41.Kg2 Qe4+ 42.Kh2 Rxf2+
43.Bxf2 Qe5+ 44.Qxe5 Rxe5 45.Bxa7 Re2+ 46.Kg3 Ra2 47.a5 g5 48.Kf3 Ra3+ 49.Ke4 Rxh3
50.a6 Ra3 51.b5 Kh7 52.Bc5 h5 53.Bxa3  1-0

[Event "ch-IND National A"]
[Site "Mumbai IND"]
[Date "2009.12.04"]
[Round "4"]
[White "Gopal,G"]
[Black "Roy Chowdhury,S"]
[Result "1-0"]
[WhiteElo "2593"]
[BlackElo "2427"]

1.e4 c5 2.Nf3 Nc6 3.Nc3 e5 4.Bc4 Be7 5.d3 d6 6.O-O h6 7.a3 Nf6 8.h3 O-O 9.Rb1 Be6
10.b4 Bxc4 11.dxc4 b6 12.b5 Nd4 13.Nh2 Re8 14.Re1 Nh7 15.Nd5 Ne6 16.a4 Nf6
17.a5 bxa5 18.Bd2 Nxd5 19.cxd5 Nf4 20.h4 Ng6 21.g3 a4 22.Ng4 Bf8 23.Ne3 Qd7
24.c4 Ne7 25.Qxa4 a6 26.Ra1 Reb8 27.bxa6 Qc8 28.a7 Rb2 29.Bc3 Rb7 30.Reb1 Rc7
31.Rb6 Qd8 32.Ra6 Rb7 33.Nf5 Nc8 34.Ba5 Qd7 35.Qxd7 Rxd7 36.Rb1 Rdxa7 37.Rxa7 Nxa7
38.Rb7 Nc8 39.Bd2 h5 40.Kg2 g6 41.Nh6+ Bxh6 42.Bxh6 Kh7 43.Bg5 Kg7 44.f4 exf4
45.gxf4 Ra7 46.Rb8 f6 47.Rxc8 fxg5 48.fxg5 Ra2+ 49.Kf3 Ra3+ 50.Kf2 Ra2+ 51.Ke3 Ra3+
52.Ke2 Ra2+ 53.Kd3 Ra3+ 54.Kc2 Kf7 55.Rc7+ Kf8 56.Rc8+ Kf7 57.Rc7+ Kf8 58.e5 dxe5
59.Rxc5 Ke7 60.Rc6 Rh3 61.Re6+ Kd7 62.c5 Rxh4 63.c6+ Kd8 64.Rxg6 Rc4+ 65.Kb3 Rg4
66.d6  1-0

[Event "Antalya Bir"]
[Site "Antalya TUR"]
[Date "2009.12.06"]
[Round "4"]
[White "Arat,Uf"]
[Black "Yurtseven,M"]
[Result "1/2-1/2"]
[WhiteElo "1828"]
[BlackElo "1832"]

1.e4 c5 2.Nc3 Nc6 3.Nf3 e5 4.g3 Bd6 5.Bg2 Nge7 6.d3 O-O 7.O-O a6 8.a4 Bc7
9.Nd2 Rb8 10.Nc4 Nb4 11.Ne3 f5 12.Ncd5 Nexd5 13.Nxd5 Nxd5 14.exd5 f4 15.Be4 Qg5
16.Kh1 Qf6 17.f3 d6 18.Bd2 Bd8 19.Rg1 Qh6 20.Qe2 Bg5 21.g4 Bd7 22.a5 Qf6
23.b4 Rfc8 24.bxc5 Rxc5 25.Bb4 Rc7 26.c4 g6 27.Qa2 Qf8 28.Qf2 Be8 29.Rab1 Bd8
30.Rb2 Rcc8 31.Bc3 Rc5 32.Bb4 Rcc8 33.Bc3 Rc5 34.Bb4 Rcc8 35.Bc3  1/2-1/2

[Event "2nd Dragon Capital"]
[Site "Ho Chi Minh City VIE"]
[Date "2009.12.06"]
[Round "6"]
[White "Ashwin,J"]
[Black "Le Quang Liem"]
[Result "0-1"]
[WhiteElo "2425"]
[BlackElo "2602"]

1.e4 c5 2.Nf3 Nc6 3.Nc3 d6 4.d4 cxd4 5.Nxd4 e6 6.Be3 Nf6 7.Bc4 Be7 8.Qe2 O-O
9.O-O-O Qc7 10.Rhg1 a6 11.g4 Nd7 12.Nf5 Bf6 13.Nxd6 Be5 14.Qd2 Nb6 15.f4 Bxd6
16.Bxb6 Qxb6 17.Qxd6 Rd8 18.Qa3 Qe3+ 19.Kb1 Bd7 20.Ne2 Qxe4 21.Bd3 Qb4 22.Qxb4 Nxb4
23.Be4 Bc6 24.Bxc6 Nxc6 25.Kc1 f5 26.h3 Kf7 27.Ng3 g6 28.c3 Ne7 29.Rge1 h6
30.a4 Kf6 31.Kc2 g5 32.gxf5 exf5 33.Nh5+ Kf7 34.Rxd8 Rxd8 35.b4 Rd7 36.Rg1 Kg6
37.Ng3 Nd5 38.Ne2 Kf6 39.fxg5+ hxg5 40.Rg3 f4 41.Rd3 Ne3+ 42.Kd2 Rh7 43.Ng1 Nc4+
44.Ke2 Ne5 45.Rd6+ Kf5 46.a5 Rc7 47.Nf3 Nxf3 48.Kxf3 Rxc3+ 49.Kg2 Rg3+ 50.Kh2 Rb3
51.Rb6 Rb2+ 52.Kg1 f3 53.Rxb7 Kf4 54.b5 axb5 55.Rg7 Ra2 56.a6 Rxa6 57.Kf2 Ra2+  0-1

[Event "2nd Dragon Capital"]
[Site "Ho Chi Minh City VIE"]
[Date "2009.12.07"]
[Round "7"]
[White "Otte,Mari"]
[Black "Lo Kin Mun,D"]
[Result "0-1"]
[WhiteElo "2298"]
[BlackElo "2154"]

1.e4 c5 2.Nf3 Nc6 3.Nc3 Nf6 4.e5 Ng4 5.Qe2 Qc7 6.Nb5 Qb8 7.d4 a6 8.Nd6+ exd6
9.exd6+ Kd8 10.dxc5 Bxd6 11.Ng5 Bxc5 12.Nxf7+ Kc7 13.Qxg4 Re8+ 14.Be2 Re7
15.Qg3+ d6 16.Be3 Bxe3 17.Nxd6 Bd4 18.Nc4+ Kd8 19.Qd3 Qf4 20.Ne3 Rxe3 21.fxe3 Qxe3
22.c3 Qxd3 23.Bxd3 Bf6 24.Bxh7 Be6 25.O-O-O+ Kc7 26.Kb1 a5 27.Rhe1 Bg4 28.Rd3 Rh8
29.h3 Ne5 30.Rd5 Be6 31.Rdxe5 Bxe5 32.Rxe5 Kd6 33.Rxe6+ Kxe6 34.Be4 b6 35.Kc2 Ke5
36.Bc6 Rc8 37.Bf3 g5 38.Kb3 Kd6 39.c4 Rc5 40.a3 Ke5 41.Kc3 b5 42.Bd5 Rc8
43.Kd3 Rd8 44.Kc3 Rc8 45.b3 Rc7 46.Kd3 Rc8 47.Bb7 Rd8+ 48.Kc3 b4+ 49.axb4 axb4+
50.Kc2 Rd7 51.Bf3 Kd4 52.Kb2 Re7 53.Kc2 Re5 54.Kd2 Ra5 55.Bd1 Re5 56.g3 Re3
57.h4 Rxg3 58.hxg5 Rg2+ 59.Be2 Rxg5 60.c5 Rxc5 61.Bc4 Rh5 62.Bf1 Rh2+ 63.Kc1 Kc3
64.Kb1 Rh1 65.Ka2 Kc2 66.Bb5 Kc1 67.Be8 Rh7 68.Ba4 Ra7 69.Ka1 Rxa4+  0-1

[Event "ch-IND National A"]
[Site "Mumbai IND"]
[Date "2009.12.09"]
[Round "8"]
[White "Sengupta,D"]
[Black "Roy Chowdhury,S"]
[Result "1/2-1/2"]
[WhiteElo "2488"]
[BlackElo "2427"]

1.e4 c5 2.Nf3 Nc6 3.Nc3 e5 4.Bc4 Be7 5.d3 Nf6 6.Nd2 a6 7.a4 d6 8.Nf1 Bg4
9.Qd2 O-O 10.Ne3 Be6 11.O-O Rb8 12.b3 Ne8 13.Ned5 Bxd5 14.Bxd5 Nc7 15.Qd1 Nb4
16.Be3 Bg5 17.Qd2 Bxe3 18.fxe3 Nbxd5 19.exd5 f5 20.a5 Qd7 21.g3 Rf6 22.Qg2 Rbf8
23.Ne2 Rb8 24.c4 b5 25.axb6 Rxb6 26.Ra3 Qe8 27.Qh3 Qg6 28.Rf3 Rb8 29.Qf1 Re8
30.Ra4 Rb8 31.Nc1 Qf7  1/2-1/2

[Event "London Classic FIDE Open"]
[Site "London ENG"]
[Date "2009.12.10"]
[Round "3"]
[White "Rowe,D"]
[Black "Vachtfeidl,P"]
[Result "1-0"]
[WhiteElo "2194"]
[BlackElo "2019"]

1.e4 c5 2.Nc3 Nc6 3.Bb5 Nd4 4.Bc4 e6 5.Nge2 Nf6 6.O-O a6 7.d3 b5 8.Bb3 Nxb3
9.axb3 d6 10.Nxb5 Bb7 11.Nbc3 Be7 12.f4 O-O 13.Ng3 Qc7 14.Qe2 Rad8 15.Bd2 Nd7
16.f5 Bf6 17.Nh5 d5 18.Nxf6+ Nxf6 19.e5 Nd7 20.Bf4 d4 21.Ne4 f6 22.exf6 e5
23.fxg7 Rxf5 24.Bh6 Bxe4 25.Qxe4  1-0

[Event "London Classic FIDE Open"]
[Site "London ENG"]
[Date "2009.12.10"]
[Round "3"]
[White "Cannon,Ra"]
[Black "De Lagontrie,J"]
[Result "1-0"]
[WhiteElo "2067"]
[BlackElo "1855"]

1.e4 c5 2.Nc3 Nc6 3.Nge2 e6 4.g3 g6 5.d4 cxd4 6.Nxd4 a6 7.Nxc6 bxc6 8.Qd4 f6
9.Bf4 Qa5 10.Bd2 Qc5 11.Qd3 Qd6 12.Qe2 Qc7 13.Bh3 a5 14.O-O-O Ba6 15.Qf3 O-O-O
16.Bf4 Qb7 17.Bd6 Bg7 18.Na4 f5 19.e5 Bc4 20.Qc3 Qb5 21.Qxc4  1-0

[Event "Open"]
[Site "Pilsen CZE"]
[Date "2009.12.10"]
[Round "7"]
[White "Vacha,J"]
[Black "Wojcieszyn,Z"]
[Result "0-1"]
[WhiteElo "1919"]
[BlackElo "2037"]

1.e4 c5 2.Nf3 Nc6 3.Nc3 Nf6 4.d4 cxd4 5.Nxd4 e6 6.Ndb5 Bb4 7.Nd6+ Ke7 8.Nxc8+ Rxc8
9.Bd2 d5 10.exd5 Nxd5 11.Nxd5+ Qxd5 12.Bxb4+ Nxb4 13.c3 Qe4+ 14.Be2 Nc2+
15.Kf1 Nxa1 16.Qxa1 Qc2 17.Bf3 Rhd8 18.g3 Rd2 19.Qe1 Qxb2 20.Kg2 Rxc3 21.Rf1 Rcc2
22.Qe3 h6 23.Qxa7 Qd4 24.Qxd4 Rxd4 25.Bxb7 Rxa2 26.h3 Rdd2 27.g4 g5 28.Kg3 f5
29.gxf5 exf5 30.f4 Kf6 31.Rc1 Rdc2 32.Rd1 Rc3+ 33.Bf3 Raa3 34.Rf1 Rc4 35.fxg5+ hxg5
36.Kg2 Ke5 37.Rf2 Rca4 38.Bd1 Rf4 39.Rb2 Rd4 40.Bf3 Rda4 41.Rf2 Ra2 42.Be2 R4a3
43.h4 gxh4 44.Kf1 Ra1+ 45.Kg2 Rg3+ 46.Kh2 Ra2  0-1

[Event "New Years All-Ukrainian Open"]
[Site "Poltava UKR"]
[Date "2009.12.10"]
[Round "8"]
[White "Pavlov,S2"]
[Black "Gasanov,E"]
[Result "1/2-1/2"]
[WhiteElo "2477"]
[BlackElo "2530"]

1.e4 c5 2.Nf3 Nc6 3.Nc3 d6 4.d4 cxd4 5.Nxd4 Nf6 6.Bg5 e6 7.Qd2 a6 8.O-O-O h6
9.Nxc6 bxc6 10.Bf4 d5 11.Qe3 Bb4 12.Be2 O-O 13.e5 Nd7 14.Qg3 Kh8 15.Qh3 Bxc3
16.Qxc3 Qb6 17.Qe3 Qxe3+ 18.fxe3 a5 19.Bf3 Ba6 20.h4 a4 21.g4 f6 22.exf6 e5
23.Bg3 Rxf6 24.Bg2 Be2 25.g5 Rff8 26.Rdg1 Bg4 27.gxh6 gxh6 28.Be1 h5 29.Rf1 Be2
30.Rxf8+ Rxf8 31.Kd2 Bc4 32.b3 axb3 33.axb3 Bb5 34.Kc1 Nf6 35.Bc3 Ng4 36.Bh3 Rf5
37.Re1 Kh7 38.e4 Rf3 39.Bxg4 hxg4 40.Bxe5 Kg6 41.Rg1 Kh5 42.exd5 cxd5 43.Bg3 d4
44.Be1 Bc6 45.Rg3 Rf1 46.Kd2 Bf3 47.b4 Rh1 48.b5 Be4 49.Bf2 Rh2 50.Ke1 Bxc2
51.Bxd4  1/2-1/2

[Event "London Classic FIDE Open"]
[Site "London ENG"]
[Date "2009.12.12"]
[Round "6"]
[White "Barle,J"]
[Black "Remmler,HP"]
[Result "1-0"]
[WhiteElo "2420"]
[BlackElo "2218"]

1.e4 c5 2.Ne2 Nc6 3.Nbc3 Nf6 4.g3 d5 5.exd5 Nxd5 6.Bg2 e6 7.Nxd5 exd5 8.O-O Bg4
9.h3 Be6 10.Nf4 Qd7 11.Re1 Be7 12.c3 O-O 13.d3 Bf6 14.Bd2 Rad8 15.Qa4 a6
16.Rad1 Qc8 17.Nxe6 fxe6 18.Qg4 Ne5 19.Qe2 Rfe8 20.f4 Nf7 21.Qf2 g6 22.g4 Nd6
23.Qg3 Kh8 24.Re2 b5 25.Rde1 d4 26.Kh1 Qd7 27.cxd4 Bxd4 28.Qh4 Rc8 29.Be3 Qf7
30.Bxd4+ cxd4 31.Qg5 Rcd8 32.Rxe6 Rxe6 33.Qxd8+ Re8 34.Rxe8+ Qxe8 35.Qxe8+ Nxe8
36.b4 Nd6 37.Bd5 Kg7 38.g5 Nf5 39.Bb7 Nd6 40.Bd5 Nf5 41.Kg1 Ne3 42.Bb3 h5
43.Kf2 Nf5 44.Kf3 Nd6 45.Be6 Kh7 46.f5 gxf5 47.Kf4  1-0

[Event "Tch-SLO League"]
[Site "Rogaska Slatina SLO"]
[Date "2009.12.12"]
[Round "3"]
[White "Mikac,M"]
[Black "Pavasovic,D"]
[Result "1/2-1/2"]
[WhiteElo "2384"]
[BlackElo "2590"]

1.e4 c5 2.Nf3 Nc6 3.Nc3 g6 4.d4 cxd4 5.Nxd4 Bg7 6.Be3 Nf6 7.Bc4 O-O 8.Bb3 d6
9.h3 Na5 10.O-O b6 11.Qd2 Bb7 12.f3 a6 13.Bh6 Bxh6 14.Qxh6 b5 15.Rad1 Qb6
16.Kh2 Rac8 17.Nce2 Nc4 18.Ng3 Rc5 19.Bxc4 bxc4 20.b3 cxb3 21.axb3 a5  1/2-1/2

[Event "London Classic FIDE Open"]
[Site "London ENG"]
[Date "2009.12.13"]
[Round "7"]
[White "Stephan,Ax"]
[Black "Ansell,S"]
[Result "1-0"]
[WhiteElo "2225"]
[BlackElo "2387"]

1.e4 c5 2.Nc3 Nc6 3.Nge2 Nd4 4.Nxd4 cxd4 5.Ne2 Nf6 6.e5 Ng4 7.f4 Qb6 8.h3 Nh6
9.c3 Qg6 10.cxd4 Nf5 11.Qc2 h5 12.b3 e6 13.g3 d5 14.Rg1 Qh7 15.Bb2 Bd7 16.Qc7 b5
17.Qb7 Rd8 18.Rc1 Be7 19.Rc7 f6 20.Qxa7 Rf8 21.Nc1 fxe5 22.dxe5 Nxg3 23.Rxd7 Rxd7
24.Bxb5 Kf7 25.Qxd7 Qe4+ 26.Ne2 Qb1+ 27.Bc1 Rd8 28.Qb7 Nf5 29.Kd1 Qxa2 30.Bd3 Nh4
31.Rxg7+  1-0

[Event "Tch-SLO League"]
[Site "Rogaska Slatina SLO"]
[Date "2009.12.13"]
[Round "4"]
[White "Muzychuk,A"]
[Black "Kozul,Z"]
[Result "1/2-1/2"]
[WhiteElo "2532"]
[BlackElo "2604"]

1.e4 c5 2.Nf3 Nc6 3.Nc3 d6 4.d4 cxd4 5.Nxd4 Nf6 6.Bg5 e6 7.Qd2 a6 8.O-O-O Bd7
9.f4 b5 10.Nxc6 Bxc6 11.Bd3 h6 12.Bxf6 gxf6 13.Kb1 h5 14.f5 Bh6 15.Qf2 b4
16.Ne2 e5 17.h4 Qa5 18.Ng3 Qc5 19.Qf3 Qe3 20.Be2 Ke7 21.Qxe3 Bxe3 22.Bf3 Rac8
23.Nxh5 Ba4 24.b3 Bb5 25.a4 bxa3 26.c4 Bc6 27.g4 Bc5 28.Ka2 Rb8 29.g5 fxg5
30.hxg5 a5 31.Rb1 Be3 32.Nf6 Bxg5 33.Nd5+ Bxd5 34.Rxh8 Rxh8 35.cxd5 Rh2+
36.Kxa3 Rf2 37.Bd1 Bd2 38.Ka4 Bb4 39.Kb5 Rf4 40.Bc2 Rf3 41.Rg1 Rf2 42.Bd3 Rb2
43.Bc4 Rd2 44.Rg4 Rd4 45.Ka4 Kf6 46.Kb5 Be1 47.Ka4 Bd2 48.Rg2 Bb4 49.Rg4 Rd1
50.Kb5 Rb1 51.Rg2 Rc1 52.Rg3 Rh1 53.Bd3 Rh8 54.Ka4 Ke7 55.Bc4 Rc8 56.Rg4 Rb8
57.Bb5 Rh8 58.Rg3 Kd8 59.Bc6 Kc7 60.Kb5 Rb8+ 61.Kc4 Kb6 62.Rg7 Rh8 63.Kd3 Rh3+
64.Ke2 f6 65.Rg6 Bc5 66.Rxf6 Re3+ 67.Kd2 Rxe4 68.Rf8 Rf4 69.f6 e4 70.f7 Kc7
71.Bb5 e3+ 72.Kd1 Bd4 73.Bc4 Bg7 74.Ra8 Kb7 75.Re8 Rxf7 76.Rxe3 Kb6 77.Kc2 Kc5
78.Kd3 Be5 79.Rh3 Kb4 80.Rh4 Rf3+ 81.Kd2 Rc3 82.Re4 Rg3 83.Rh4 Kc5 84.Re4 Rh3
85.Rg4 Rh1 86.Rg8 Rh2+ 87.Kd3 Rh3+ 88.Kd2 Bc3+ 89.Ke2 Bb4 90.Ra8 Kd4 91.Ra7 Rh2+
92.Kf3 Ra2 93.Rb7 Bc5 94.Rg7 Kc3 95.Rg4 Rf2+ 96.Ke4 a4 97.Rg3+ Kb4  1/2-1/2

[Event "9th Amplico Life Rapid"]
[Site "Warsaw POL"]
[Date "2009.12.19"]
[Round "1"]
[White "Muzychuk,A"]
[Black "Ryberg,D"]
[Result "1-0"]
[WhiteElo "2532"]
[BlackElo "1820"]

1.e4 c5 2.Nc3 Nc6 3.Bb5 g6 4.Bxc6 bxc6 5.f4 d6 6.d3 Bg7 7.Nf3 Nf6 8.O-O O-O
9.Qe1 d5 10.Kh1 Ba6 11.e5 Nd7 12.b3 Re8 13.Bd2 Nf8 14.Na4 Ne6 15.c4 Qc7 16.Qf2 Rad8
17.Nxc5 Nxc5 18.Qxc5 dxc4 19.Ba5 Qd7 20.Bxd8 Rxd8 21.dxc4 Bh6 22.e6 Qxe6
23.Qa5 Qc8 24.Rad1 Re8 25.Ne5 Bb7 26.Rd7 f6 27.Qxa7 fxe5 28.Qxb7 Qxb7 29.Rxb7 exf4
30.a4 e5 31.a5 e4 32.a6 Ra8 33.a7 Bf8 34.Rxf4 e3 35.Re4 Rd8 36.g3  1-0

[Event "9th Amplico Life Rapid"]
[Site "Warsaw POL"]
[Date "2009.12.19"]
[Round "2"]
[White "Llaneza Vega,M"]
[Black "Malec,S"]
[Result "1-0"]
[WhiteElo "2514"]
[BlackElo "2100"]

1.e4 c5 2.Nc3 Nc6 3.Nf3 Nf6 4.Bb5 Nd4 5.e5 Nxb5 6.Nxb5 Nd5 7.Ng5 e6 8.Ne4 Qh4
9.d3 Be7 10.c4 O-O 11.cxd5 exd5 12.Nec3 d4 13.Ne4 f5 14.exf6 gxf6 15.O-O d5
16.Ng3 Bd8 17.Nd6 Bg4 18.Qb3 Be6 19.Ndf5 Bxf5 20.Qxd5+  1-0

[Event "9th Amplico Life Rapid"]
[Site "Warsaw POL"]
[Date "2009.12.19"]
[Round "2"]
[White "Gashimov,V"]
[Black "Mucha,R"]
[Result "1-0"]
[WhiteElo "2758"]
[BlackElo "2185"]

1.e4 c5 2.Nc3 Nc6 3.Nf3 d6 4.d4 cxd4 5.Nxd4 Nf6 6.h3 a6 7.Be3 e6 8.g4 Be7
9.g5 Nd7 10.h4 Qc7 11.Qd2 b5 12.O-O-O Bb7 13.f3 Nde5 14.Be2 Na5 15.b3 Rc8
16.Ncxb5 axb5 17.Nxb5 Qd8 18.Nxd6+ Bxd6 19.Qxd6 Qxd6 20.Rxd6 O-O 21.Rhd1 Nac6
22.Kb2 Rfd8 23.a4 Ng6 24.h5 Nf8 25.Rxd8 Rxd8 26.Rxd8 Nxd8 27.a5 Nc6 28.a6 Ba8
29.Kc3 e5 30.b4 Ne6 31.b5 Ncd4 32.Bxd4 Nxd4 33.Bd3 Ne6 34.b6 Nd8 35.Bc4  1-0

[Event "9th Amplico Life Rapid"]
[Site "Warsaw POL"]
[Date "2009.12.19"]
[Round "3"]
[White "Kolosowski,M"]
[Black "Vovk,Y"]
[Result "0-1"]
[WhiteElo "2273"]
[BlackElo "2546"]

1.e4 c5 2.Nc3 Nc6 3.Bb5 Nd4 4.Bc4 e6 5.Nge2 Nf6 6.O-O a6 7.a4 Qc7 8.d3 Be7
9.f4 d6 10.Ng3 h5 11.h3 h4 12.Nge2 Bd7 13.Be3 Nxe2+ 14.Qxe2 Bc6 15.Bb3 g6
16.f5 gxf5 17.exf5 Rg8 18.Ne4 e5 19.Bf2 c4 20.Bxc4 d5 21.Nxf6+ Bxf6 22.Bb3 d4
23.g4 hxg3 24.Bxd4 O-O-O 25.Be3 Rh8  0-1

[Event "9th Amplico Life Rapid"]
[Site "Warsaw POL"]
[Date "2009.12.19"]
[Round "4"]
[White "Brendel,O"]
[Black "Muzychuk,A"]
[Result "1/2-1/2"]
[WhiteElo "2386"]
[BlackElo "2532"]

1.e4 c5 2.Nf3 Nc6 3.Nc3 Nf6 4.Bb5 Qc7 5.O-O Nd4 6.Re1 a6 7.Bf1 Ng4 8.g3 Nxf3+
9.Qxf3 Ne5 10.Qe3 e6 11.Bg2 d6 12.d4 cxd4 13.Qxd4 Nc6 14.Nd5 exd5 15.exd5+ Ne7
16.Bf4 f6 17.Qb4 Kf7 18.Bxd6 Nf5 19.Bxf8 Rxf8 20.d6 Qxd6 21.Qc4+ Kg6 22.Qg4+ Kh6
23.Qh3+ Kg6 24.Qg4+ Kh6 25.Qh3+ Kg6  1/2-1/2

[Event "9th Amplico Life Rapid"]
[Site "Warsaw POL"]
[Date "2009.12.19"]
[Round "4"]
[White "Llaneza Vega,M"]
[Black "Tamosaitis,R"]
[Result "1-0"]
[WhiteElo "2514"]
[BlackElo "2214"]

1.e4 c5 2.Nc3 Nc6 3.Nf3 g6 4.Bb5 Bg7 5.O-O a6 6.Bxc6 dxc6 7.d3 Nf6 8.e5 Nd5
9.Ne4 b6 10.Re1 O-O 11.h3 Qc7 12.c4 f6 13.cxd5 cxd5 14.Nc3 d4 15.Nd5 Qb7
16.exf6 exf6 17.Qb3 Kh8 18.Nxb6 Rb8 19.Bf4 Bxh3 20.Bxb8 Bxg2 21.Kxg2 Rxb8
22.Nd7  1-0